000 00340nam a2200157Ia 4500
003 0STCL
008 150530s9999 xx 000 0 und d
040 _aSTCL
_cSTCL
100 _aPaul Horgan
245 _aMountain standard time
260 _c1962
546 _aEnglish
942 _2ddc
_cBK
999 _c67789
_d67789
005 20220125171349.0